Una invitación a la sociología reflexiva

Saved in:
Bibliografiske detaljer
Main Authors: Bourdieu, Pierre (Author), Wacquant, Loïc (Author)
Andre forfattere: Dilon, Ariel (traductor)
Format: Bog
Sprog:spansk
Udgivet: Buenos Aires, Argentina Siglo Veintiuno 2008
Udgivelse:2a. ed
Serier:Biblioteca Clásica de Siglo Veintiuno
Fag:
Online adgang:Disponible Online
Tags: Tilføj Tag
Ingen Tags, Vær først til at tagge denne postø!

MARC

LEADER 00000nam a2200000 a 4500
001 UCH1368
003 CL-VaPUC
005 20240820103303.0
008 090427e20080000AG |||||||||||||||||spa|d
999 |c 333419  |d 333417 
020 |a 9789876290098 
040 |c Pontificia Universidad Católica de Valparaíso 
082 0 4 |a 301 BOU 2008  |2 21 
100 0 |a Bourdieu, Pierre  |e author  |9 308635 
245 1 4 |a Una invitación a la sociología reflexiva 
250 |a 2a. ed 
260 |a Buenos Aires, Argentina   |b Siglo Veintiuno  |c 2008 
300 |a 412 páginas  
440 |a Biblioteca Clásica de Siglo Veintiuno  |9 860811 
583 |a last modification  |c 20090427 00:00:00  |k Rodrigo Vera 
650 0 |a Sociología   |9 255410 
650 0 |a Fenomenología  |9 256519 
650 0 |a Praxeología  |9 887725 
650 0 |a Reflexividad (Lingüística)  |9 887726 
700 0 |a Wacquant, Loïc  |e author  |9 535830 
700 1 |a Dilon, Ariel  |e traductor  |9 864354 
856 |u http://bibliografiadigital.pucv.cl.pucv.idm.oclc.org/index.php/bibliotecapucv/catalog/book/390  |y Disponible Online  
942 |c BK  |2 ddc 
945 |d 20090427 00:00:00  |a rbrito 
952 |0 0  |1 0  |4 0  |6 301_000000000000000_BOU_2008  |7 0  |8 R  |9 421784  |a BIBGIM  |b BIBGIM  |d 2019-11-22  |i 4539834  |o 301 BOU 2008  |p 4539834  |r 2025-01-15  |w 2019-11-22  |y BK_R  |k SSL 
952 |0 0  |1 0  |4 0  |6 301_000000000000000_BOU_2008  |7 0  |8 R  |9 421785  |a BIBGIM  |b BIBGIM  |d 2019-11-22  |i 4539842  |o 301 BOU 2008  |p 4539842  |r 2025-01-15  |w 2019-11-22  |y BK_R  |k SSL 
952 |0 0  |1 0  |4 0  |6 301_000000000000000_BOU_2008  |7 0  |8 R  |9 421786  |a BIBEDU  |b BIBEDU  |c MCIRC  |d 2019-11-22  |i 4551818  |o 301 BOU 2008  |p 4551818  |r 2023-01-13  |w 2019-11-22  |y BK_R  |k LIT